000 00737nam a2200229Ii 4500
003 JO-AjNU
008 230605s9999||||xx |||||||||||||| ||und||
017 _a2013/8/2918
020 _a978-9957-09-564-2
040 _aJO-AjNU
_bara
_erda
_cJO-AjNU
041 _aara
050 1 4 _aPJ7824 2014
100 3 _aتحرير وتقديم منير، محمود,
_eauthor
_948032
245 0 0 _aلست سواي: حوارات مع إلياس فركوح وبورتيهات (2006-2013)
250 _aط1
264 3 1 _aعمان:دار أزمنة للنشر،2014
300 _a359ص
336 _atext
_btxt
_2rdacontent
337 _aunmediated
_bn
_2rdamedia
338 _avolume
_bnc
_2rdacarrier
650 4 _aالأدب العربي
_948033
999 _aA21008
_c24576
_d24576